Countries Closest to Estonia - One minute sprint - Statistics

General Stats
  • This quiz has been taken 121 times
  • The average score is 17 of 20
Answer Stats
km country miles % Correct
0 Russia 0
99%
0 Latvia 0
98%
47 Finland 29
97%
152 Lithuania 95
96%
150 Sweden 93
96%
157 Belarus 98
93%
396 Poland 246
93%
636 Germany 395
92%
554 Norway 344
92%
890 Czechia 553
86%
622 Ukraine 386
86%
523 Denmark 325
85%
939 Slovakia 584
82%
1041 Hungary 647
75%
1030 Romania 640
74%
1076 Austria 669
73%
1067 Netherlands 663
65%
1013 Moldova 629
62%
1283 Belgium 797
59%
1288 Slovenia 800
59%
No matching quizzes found
Score Distribution
Percent of People with Each Score
Percentile by Number Answered
Your Score History
You have not taken this quiz